| 000 | 01758nam a2200277 a 4500 | ||
|---|---|---|---|
| 001 | 000006264 | ||
| 005 | 20200929153916.0 | ||
| 008 | 090827s2006 dr a 001 0 spa d | ||
| 020 | _a9945160427 | ||
| 040 |
_aDO-SdBNP _bspa _cBNPHU |
||
| 082 |
_a370.7097293 _bA973p |
||
| 100 | 1 |
_aAyala, José _917497 |
|
| 245 | 1 | 0 |
_aPercepciones, actitudes y prácticas relacionadas con la equidad de género en la escuela rural del suroeste de la República Dominicana. / _cJosé Ayala, Lucero Quieroga, Berenice Pacheco S. ; presentación Luisa América Mateo Dicló. |
| 260 |
_aSanto Domingo : _bPlan Internacional República Dominicana: Universidad Instituto Tecnológico de Santo Domingo, _c2006. |
||
| 490 | 1 | _aSerie de investigaciones educativas del contexto rural | |
| 500 | _aIncluye notas al pie de las páginas | ||
| 504 | _aIncluye bibliografía (p.121-124) | ||
| 505 | _aResumen de la investigación -- Introducción -- Marco conceptual y metodológico -- Una mirada al problema -- Objetivos y fundamentación metodológica -- Contexto socio-educativo de la investigación -- Principales hallazgo -- Caracterización de las principales categorías de análisis -- Apego a los roles estereotipados de género en niños, niñas y adolescentes, y maestros, maestras y directoras entrevistadas -- A modo de conclusión -- Referencias bibliográficas. | ||
| 650 | 4 |
_aDiferencia sexual _xInvestigaciones _zRepública Dominicana _917498 |
|
| 650 | 4 |
_aEducación rural _xInvestigaciones _zRepública Dominicana _917499 |
|
| 650 | 4 |
_aIgualdad _xInvestigaciones _zRepública Dominicana _917500 |
|
| 700 | 1 |
_aQuiroga, Lucero _92556 |
|
| 700 | 1 |
_aPacheco S.,Berenice _917501 |
|
| 830 | 0 |
_aSerie de investigaciones educativas del contexto rural _917502 |
|
| 049 | _aBNPD | ||
| 999 |
_c6059 _d6059 |
||